000 00634nam a2200217Ia 4500
003 GCL
008 140319s9999 xx 000 0 ara d
040 _aGCL /
_cGCL
082 0 4 _a327.12
_bس م
100 1 _aسعيد الجزائرى
245 1 0 _aملف الثمانينات عن اعمال المخابرات /
_cسعيد الجزائرى
260 _a[S.N] :
_bدار الجيل ،
_c1992
300 _a464 ص
490 _a
650 0 4 _aالمخابرات
650 0 4 _aالجرائم السياسية
650 0 4 _aالجواسيس
650 0 4 _aالجاسوسية
650 0 4 _aس.اى. ايه
942 _2ddc
_cBK
999 _c29271
_d29271